[Event "C.to Provinciale TP"]
[Site "Erice ITA"]
[Date "2011.02.12"]
[Round "1"]
[White "Oddo, Salvatore"]
[Black "Campo, Renato"]
[Result "0-1"]
[WhiteElo "1647"]
[BlackElo "2003"]
[PlyCount "54"]
[EventDate "2011.01.09"]

1. Nf3 Nf6 2. g3 b6 3. Bg2 Bb7 4. d3 e6 5. O-O d5 6. Nbd2 Be7 7. c3 O-O 8. Qc2
c5 9. Re1 Nc6 10. e4 dxe4 11. dxe4 e5 12. a4 Ba6 13. Bf1 Bxf1 14. Rxf1 Qd7 15.
Kg2 Rfd8 16. Re1 h6 17. h4 Qe6 18. b3 Rd7 19. Ba3 Rad8 20. Rad1 Nh5 21. Bc1 Qg4
22. Nh2 Qg6 23. Nhf3 Nf4+ 24. Kh2 Nd3 25. Re2 Qg4 26. Re3 Nxf2 27. Ng1 Qxd1 0-1

[Event "C.to Provinciale TP"]
[Site "Erice ITA"]
[Date "2011.02.12"]
[Round "1"]
[White "Bertino, Giacomo"]
[Black "Cerami, Giuseppe"]
[Result "1-0"]
[WhiteElo "1992"]
[BlackElo "1625"]
[PlyCount "65"]
[EventDate "2011.01.09"]

1. d4 Nf6 2. c4 g6 3. Nc3 Bg7 4. e4 d6 5. Nf3 O-O 6. Be2 Nbd7 7. O-O c5 8. d5
Re8 9. Bf4 Nf8 10. Re1 a6 11. Qd2 Nh5 12. Be3 Nf6 13. Rad1 N8d7 14. h3 Rb8 15.
Ng5 Bh6 16. Nxh7 Bxe3 17. Nxf6+ Nxf6 18. Qxe3 Kg7 19. f4 Rh8 20. e5 Nh5 21. g4
Nxf4 22. Qxf4 Rxh3 23. Rd3 Qh8 24. Rxh3 Qxh3 25. Qf3 Bxg4 26. Qxg4 Qe3+ 27. Kf1
Rh8 28. Qf3 Qg5 29. exd6 exd6 30. Ne4 Qe5 31. Qc3 Rh1+ 32. Kf2 Rh2+ 33. Kg1 1-0

[Event "C.to Provinciale TP"]
[Site "Erice ITA"]
[Date "2011.02.12"]
[Round "1"]
[White "Arini, Mario"]
[Black "Messina, Damiano"]
[Result "0-1"]
[WhiteElo "1594"]
[BlackElo "1961"]
[PlyCount "96"]
[EventDate "2011.01.09"]

1. Nf3 d5 2. g3 Nf6 3. Bg2 h6 4. O-O Bf5 5. d3 c5 6. Nbd2 Nc6 7. c3 e6 8. Re1
Bh7 9. h3 Be7 10. Nh2 e5 11. e4 d4 12. cxd4 Nxd4 13. Ndf3 Nxf3+ 14. Nxf3 Qd6
15. b3 Rd8 16. Bb2 Nd7 17. Nh2 O-O 18. Ng4 Bg6 19. Ne3 Qe6 20. Nd5 f6 21. Rc1
b6 22. Qc2 Nb8 23. Qc4 Bf7 24. Kh2 Qd6 25. Ba3 Nc6 26. h4 Rfe8 27. Rb1 Rc8 28.
Rec1 a5 29. Qb5 Rb8 30. f3 Nd4 31. Qc4 Bf8 32. Bb2 b5 33. Qc3 Ne2 34. Qxa5 Nxc1
35. Rxc1 Bxd5 36. exd5 Qxd5 37. Qc3 Red8 38. Rd1 b4 39. Qc2 Qd6 40. Re1 Qxd3
41. Qf2 Qa6 42. Ra1 Rd7 43. Bh3 Rd6 44. Qc2 Rbd8 45. Bc1 Qd3 46. Qf2 Qc3 47.
Rb1 R8d7 48. Bxd7 Rxd7 0-1

[Event "C.to Provinciale TP"]
[Site "Erice ITA"]
[Date "2011.02.12"]
[Round "1"]
[White "Lo Piccolo, Antonino"]
[Black "Alcide, Fabio"]
[Result "1/2-1/2"]
[WhiteElo "1851"]
[BlackElo "1589"]
[PlyCount "128"]
[EventDate "2011.01.09"]

1. e4 e6 2. d3 d5 3. Nd2 dxe4 4. dxe4 Nc6 5. Ngf3 Nf6 6. Be2 Be7 7. O-O O-O 8.
c3 Re8 9. Qc2 e5 10. Rd1 Bd7 11. Nc4 Bc5 12. Bg5 Qe7 13. Rd2 Bg4 14. h3 Bh5 15.
Rad1 Bxf3 16. Bxf3 Rad8 17. Ne3 Bxe3 18. Bxe3 h6 19. b4 Rxd2 20. Rxd2 Qe6 21.
Qb3 Qxb3 22. axb3 a6 23. h4 Rd8 24. Rxd8+ Nxd8 25. g4 Ne6 26. Kg2 g5 27. Kg3
Kg7 28. h5 Kf8 29. Bg2 Ke7 30. f3 Ne8 31. Kf2 Nd6 32. Bf1 Nb5 33. Bxb5 axb5 34.
Ke2 c6 35. Bc5+ Kd7 36. Kd3 Kc7 37. Be7 b6 38. Ke3 Kd7 39. Bf6 Kd6 40. c4 bxc4
41. bxc4 b5 42. c5+ Kd7 43. Bxe5 Ke7 44. f4 f6 45. Bd6+ Kf7 46. f5 Ng7 47. e5
Ne8 48. Kd4 Kg7 49. exf6+ Kxf6 50. Ke4 Kf7 51. Be5 Ke7 52. Bd4 Kf7 53. Ke5 Ke7
54. Be3 Kf7 55. Ke4 Ke7 56. Bd4 Kf7 57. Be5 Ke7 58. Bb8 Kf7 59. Ke5 Ke7 60.
Bd6+ Kf7 61. Bb8 Ke7 62. Ke4 Nf6+ 63. Kf3 Ke8 64. Be5 Kf7 1/2-1/2

[Event "C.to Provinciale TP"]
[Site "Erice ITA"]
[Date "2011.02.12"]
[Round "1"]
[White "Meo, Antonino"]
[Black "Castelli, Giovanni J."]
[Result "1/2-1/2"]
[WhiteElo "1581"]
[BlackElo "1821"]
[PlyCount "48"]
[EventDate "2011.01.09"]

1. e4 e5 2. Nf3 Nc6 3. d4 exd4 4. Nxd4 Nf6 5. Nc3 Bb4 6. Nxc6 bxc6 7. Bd3 d5 8.
exd5 cxd5 9. O-O O-O 10. Bg5 c6 11. Na4 Be7 12. Re1 h6 13. Be3 Ng4 14. Bd4 Bf6
15. Be2 Bxd4 16. Qxd4 Qf6 17. Qxf6 Nxf6 18. Nc5 Bf5 19. Bd3 Bxd3 20. Nxd3 Rfe8
21. f3 Rab8 22. Kf2 Rxe1 23. Rxe1 Kf8 24. Ke3 Nd7 1/2-1/2

[Event "C.to Provinciale TP"]
[Site "Erice ITA"]
[Date "2011.02.12"]
[Round "1"]
[White "Monaco, Alessandro"]
[Black "Savalla, Gianluca"]
[Result "0-1"]
[WhiteElo "1755"]
[BlackElo "1542"]
[PlyCount "52"]
[EventDate "2011.01.09"]

1. e4 e5 2. Nf3 Nf6 3. Nxe5 d6 4. Nf3 Nxe4 5. Nc3 Nxc3 6. dxc3 Nc6 7. Be3 Be7
8. Qd2 O-O 9. O-O-O Re8 10. h4 h6 11. Bd3 Bf6 12. h5 Qe7 13. Rde1 Qd8 14. Bxh6
gxh6 15. Qxh6 Bg7 16. Qh7+ Kf8 17. h6 Bf6 18. Rxe8+ Qxe8 19. Re1 Qd8 20. Qe4
Bg5+ 21. Nxg5 Qxg5+ 22. Re3 Qxh6 23. Qe8+ Kg7 24. Kb1 Ne5 25. Rg3+ Bg4 26.
Rxg4+ Nxg4 0-1

[Event "C.to Provinciale TP"]
[Site "Erice ITA"]
[Date "2011.02.12"]
[Round "1"]
[White "Mancuso, Fabrizio"]
[Black "Silvestro, Roberto"]
[Result "0-1"]
[WhiteElo "1527"]
[BlackElo "1751"]
[PlyCount "90"]
[EventDate "2011.01.09"]

1. e4 c5 2. Nf3 Nc6 3. Nc3 d6 4. d4 cxd4 5. Nxd4 Nf6 6. Bb5 Bd7 7. Be3 g6 8.
Qd2 Nxd4 9. Bxd7+ Qxd7 10. Bxd4 Bg7 11. O-O-O O-O 12. Be3 Rfc8 13. f3 b5 14. h4
b4 15. Nd5 Nxd5 16. exd5 Qa4 17. Qd3 Qxa2 18. Bd4 Bh6+ 19. Be3 Qa1+ 20. Kd2
Bxe3+ 21. Qxe3 Qxb2 22. Rc1 a5 23. h5 Qc3+ 24. Qxc3 Rxc3 25. hxg6 fxg6 26. Rhe1
Kf7 27. g4 Rxf3 28. Rh1 a4 29. Rxh7+ Kf6 30. Re1 Ra7 31. Re6+ Kg5 32. Rhxe7
Rxe7 33. Rxe7 a3 34. Ra7 Kxg4 35. Ra6 g5 36. Ra4 Rf4 37. Kd3 Kf3 38. Ra6 Rf6
39. Ra4 Rf5 40. Ra5 g4 41. Kc4 Rf4+ 42. Kb3 g3 43. c4 g2 44. Kxb4 g1=Q 45.
Rxa3+ Kg4 0-1

[Event "C.to Provinciale TP"]
[Site "Erice ITA"]
[Date "2011.02.12"]
[Round "1"]
[White "Savalla, Pietro"]
[Black "Guarino, Giuseppe"]
[Result "1-0"]
[WhiteElo "1742"]
[BlackElo "1497"]
[PlyCount "79"]
[EventDate "2011.01.09"]

1. e4 e5 2. Nf3 Nc6 3. Bc4 Nf6 4. d4 d5 5. dxe5 Ng4 6. Qxd5 Qxd5 7. exd5 Ncxe5
8. Nxe5 Nxe5 9. Bb3 Bd6 10. O-O O-O 11. Nc3 Bf5 12. h3 a6 13. Be3 Rac8 14. Rfd1
b5 15. a4 b4 16. Ne2 Ng6 17. Nd4 Bd7 18. Bc4 Ra8 19. Bd3 f5 20. c3 Ne5 21. Be2
f4 22. Bd2 c5 23. Nf3 Nxf3+ 24. Bxf3 a5 25. c4 Rf6 26. Re1 Rg6 27. Kf1 Re8 28.
Rxe8+ Bxe8 29. Bg4 Rf6 30. b3 Bg6 31. Re1 Kf8 32. Bf3 Bc2 33. Bd1 Bg6 34. Bc1
Bd3+ 35. Kg1 g5 36. Bb2 Rf7 37. Re6 Bb8 38. Bh5 Re7 39. Bg7+ Kg8 40. Rxe7 1-0

[Event "C.to Provinciale TP"]
[Site "Erice ITA"]
[Date "2011.02.12"]
[Round "1"]
[White "Krumbiegel, Michael"]
[Black "Piazza, Dario"]
[Result "0-1"]
[WhiteElo "1458"]
[BlackElo "1716"]
[PlyCount "94"]
[EventDate "2011.01.09"]

1. e4 d6 2. Nf3 Bg4 3. Be2 Nd7 4. c3 Ngf6 5. d3 e5 6. Be3 Be7 7. Qb3 b6 8. d4
Nxe4 9. Bd3 Nef6 10. Ng5 d5 11. h3 Be6 12. Nxe6 fxe6 13. Bb5 O-O 14. Bc6 Rb8
15. c4 exd4 16. Bxd4 Nc5 17. Bxc5 Bxc5 18. f3 Qd6 19. cxd5 exd5 20. Bb5 c6 21.
Bf1 Rbe8+ 22. Kd1 Qg3 23. Qc3 Re3 24. Qd2 Rfe8 25. Be2 Rxe2 26. Nc3 Rxd2+ 27.
Kxd2 Qf2+ 28. Kc1 Re1+ 29. Rxe1 Qxe1+ 30. Nd1 Be3+ 31. Kc2 Qd2+ 32. Kb3 Nd7 33.
a3 Nc5+ 34. Ka2 Bd4 35. g4 Na4 36. Rb1 Nc3+ 37. Nxc3 Bxc3 38. h4 Kf7 39. f4 Bd4
40. f5 a5 41. g5 a4 42. g6+ hxg6 43. fxg6+ Kxg6 44. h5+ Kh7 45. Ka1 Qc2 46. Ka2
Qb3+ 47. Ka1 Qxa3# 0-1

[Event "C.to Provinciale TP"]
[Site "Erice ITA"]
[Date "2011.02.12"]
[Round "1"]
[White "Pandolfo, Sergio"]
[Black "Piazza, Francesco"]
[Result "1/2-1/2"]
[WhiteElo "1664"]
[BlackElo "1458"]
[PlyCount "62"]
[EventDate "2011.01.09"]

1. d4 d6 2. Nf3 Bg4 3. e4 Nf6 4. Bd3 Nbd7 5. O-O c6 6. h3 Bh5 7. Nbd2 e5 8. c3
Be7 9. Re1 h6 10. Nf1 g5 11. Ng3 Bg6 12. Nf5 Nh5 13. g4 Nf4 14. Bxf4 gxf4 15.
Ng7+ Kf8 16. Nf5 h5 17. Kg2 f6 18. N3h4 Bxf5 19. exf5 Ke8 20. Ng6 Rh6 21. gxh5
Nf8 22. Qg4 Kd7 23. dxe5 dxe5 24. Bc4 Kc7 25. Rad1 Qe8 26. Be6 Rd8 27. Rxd8
Bxd8 28. Rd1 Rh7 29. Qe2 Nxe6 30. fxe6 Qxe6 31. Nxf4 Qf5 1/2-1/2

[Event "C.to Provinciale TP"]
[Site "Erice ITA"]
[Date "2011.02.12"]
[Round "2"]
[White "Campo, Renato"]
[Black "Savalla, Pietro"]
[Result "1/2-1/2"]
[WhiteElo "2003"]
[BlackElo "1742"]
[PlyCount "108"]
[EventDate "2011.01.09"]

1. e4 e5 2. Bc4 Nc6 3. Nf3 Be7 4. c3 Nf6 5. Qe2 O-O 6. O-O a6 7. d4 exd4 8. e5
Ne8 9. cxd4 d5 10. Bb3 Na5 11. Bc2 c5 12. dxc5 Bxc5 13. Bxh7+ Kxh7 14. Ng5+ Kg8
15. Qc2 Bxf2+ 16. Rxf2 g6 17. Qa4 Nc4 18. Nc3 Bd7 19. Qd1 Bf5 20. Qd4 f6 21.
exf6 Nxf6 22. Qh4 Ne5 23. Bf4 Nd3 24. Rd2 Nxf4 25. Qxf4 Qb6+ 26. Qd4 Qxd4+ 27.
Rxd4 Rfd8 28. Rad1 Rac8 29. h3 Rc5 30. g4 Bc8 31. R1d2 b5 32. Kf2 Rc4 33. Nce4
Nxe4+ 34. Nxe4 Rxd4 35. Rxd4 Rf8+ 36. Ke3 dxe4 37. Rxe4 Bb7 38. Re7 Rf7 39.
Re8+ Kg7 40. Rb8 Bg2 41. h4 Bd5 42. b3 Rd7 43. h5 gxh5 44. gxh5 Bf7 45. h6+
Kxh6 46. Rb6+ Kg7 47. Rxa6 Rb7 48. Kd4 Be8 49. Kc5 Kf7 50. a4 bxa4 51. bxa4 Ke7
52. Rh6 Kd8 53. Rb6 Rxb6 54. Kxb6 Bxa4 1/2-1/2

[Event "C.to Provinciale TP"]
[Site "Erice ITA"]
[Date "2011.02.12"]
[Round "2"]
[White "Silvestro, Roberto"]
[Black "Bertino, Giacomo"]
[Result "0-1"]
[WhiteElo "1751"]
[BlackElo "1992"]
[PlyCount "74"]
[EventDate "2011.01.09"]

1. c4 b6 2. b3 Bb7 3. Bb2 e6 4. e3 Nf6 5. Nf3 Be7 6. Be2 O-O 7. O-O d5 8. cxd5
exd5 9. Nc3 c5 10. d4 Nc6 11. Rc1 Rc8 12. a4 Re8 13. Qd2 Ne4 14. Qd1 a6 15.
dxc5 Nxc3 16. Bxc3 bxc5 17. Bb2 Nb4 18. Ne5 Bf6 19. f4 Bxe5 20. fxe5 Qg5 21.
Bf3 Qxe3+ 22. Kh1 Nd3 23. Rc2 Nxb2 24. Rxb2 Qxe5 25. Re2 Qd6 26. Ref2 Re7 27.
Bh5 g6 28. Bf3 Rce8 29. Qd2 d4 30. Be2 Bd5 31. Rf6 Qxf6 32. Rxf6 Rxe2 33. Qd3
Rxg2 34. Rf3 Rf2 35. Kg1 Rxf3 36. Qd2 Rxb3 37. Qg5 Rb2 0-1

[Event "C.to Provinciale TP"]
[Site "Erice ITA"]
[Date "2011.02.12"]
[Round "2"]
[White "Messina, Damiano"]
[Black "Piazza, Dario"]
[Result "1/2-1/2"]
[WhiteElo "1961"]
[BlackElo "1716"]
[PlyCount "56"]
[EventDate "2011.01.09"]

1. e4 d6 2. d4 Nf6 3. Nc3 c6 4. Nf3 Bg4 5. Be2 e6 6. Be3 d5 7. e5 Nfd7 8. Nb1
Na6 9. c3 Nc7 10. a4 Be7 11. Na3 O-O 12. b4 a6 13. h3 Bf5 14. Bd3 Bxd3 15. Qxd3
b5 16. a5 f6 17. exf6 Bxf6 18. O-O e5 19. dxe5 Nxe5 20. Nxe5 Bxe5 21. Bc5 Rf7
22. Rae1 Qf6 23. Re3 Ne6 24. Rf3 Nxc5 25. bxc5 Qe7 26. Rxf7 Qxf7 27. Nc2 Bc7
28. Nd4 Qd7 1/2-1/2

[Event "C.to Provinciale TP"]
[Site "Erice ITA"]
[Date "2011.02.12"]
[Round "2"]
[White "Savalla, Gianluca"]
[Black "Lo Piccolo, Antonino"]
[Result "0-1"]
[WhiteElo "1542"]
[BlackElo "1851"]
[PlyCount "106"]
[EventDate "2011.01.09"]

1. e4 c5 2. d3 Nc6 3. Nf3 Nf6 4. Nc3 g6 5. Be2 Bg7 6. O-O O-O 7. Be3 b6 8. h3
Bb7 9. Qd2 d5 10. exd5 Nxd5 11. Bh6 Nxc3 12. bxc3 Qd6 13. Bxg7 Kxg7 14. d4 Rad8
15. Rfd1 cxd4 16. cxd4 e5 17. dxe5 Qxd2 18. Rxd2 Rxd2 19. Nxd2 Nxe5 20. Nc4
Nxc4 21. Bxc4 Rc8 22. Bb3 Rc5 23. Re1 Bd5 24. Re7 Bxb3 25. cxb3 a5 26. Rb7 b5
27. Ra7 b4 28. f3 h5 29. Kh2 h4 30. Ra8 Kf6 31. Rh8 g5 32. Rh6+ Ke5 33. Rh5 f6
34. Rh6 Rc2 35. f4+ gxf4 36. Rh5+ f5 37. Rxh4 f3 38. Kg1 Rxg2+ 39. Kf1 Rxa2 40.
Rc4 f4 41. Rc5+ Kd4 42. Rc4+ Ke3 43. Rc1 Rh2 44. Re1+ Kd2 45. Re4 Rxh3 46. Rxf4
Ke3 47. Rg4 Rh1+ 48. Rg1 Rxg1+ 49. Kxg1 Ke2 50. Kh1 f2 51. Kg2 f1=Q+ 52. Kg3
Qf5 53. Kh4 Qg6 0-1

[Event "C.to Provinciale TP"]
[Site "Erice ITA"]
[Date "2011.02.12"]
[Round "2"]
[White "Castelli, Giovanni J."]
[Black "Pandolfo, Sergio"]
[Result "1-0"]
[WhiteElo "1821"]
[BlackElo "1664"]
[PlyCount "111"]
[EventDate "2011.01.09"]

1. e4 c5 2. Nf3 d6 3. d4 cxd4 4. Qxd4 a6 5. c4 Nc6 6. Qd2 g6 7. Nc3 Bg7 8. b3
Nf6 9. Bb2 O-O 10. Rc1 Qa5 11. Be2 Nxe4 12. Nxe4 Qxd2+ 13. Kxd2 Bxb2 14. Rc2
Bg7 15. Ng3 Bg4 16. a3 Bxf3 17. Bxf3 Nd4 18. Rc3 Nxf3+ 19. Rxf3 b5 20. Rb1 Rfc8
21. Kd3 Rc7 22. Rf4 Be5 23. Re4 f5 24. Ree1 Rac8 25. cxb5 Rc3+ 26. Kd2 Rc2+ 27.
Kd1 axb5 28. Re2 Rxe2 29. Nxe2 Kf7 30. Kd2 d5 31. Kd3 Ke6 32. Nd4+ Bxd4 33.
Kxd4 Rc2 34. Ra1 Kd6 35. Ke3 Rc3+ 36. Kd2 Rxb3 37. Kc2 Rxa3 38. Rxa3 e5 39. f3
e4 40. Ra8 Ke5 41. Rb8 exf3 42. gxf3 Kf4 43. Rxb5 Kxf3 44. Rxd5 f4 45. Kd3 h6
46. Rd6 g5 47. Rxh6 g4 48. h4 g3 49. Rg6 g2 50. h5 Kf2 51. Ke4 f3 52. h6 Ke2
53. h7 g1=Q 54. Rxg1 f2 55. Rg2 Ke1 56. Rxf2 1-0

[Event "C.to Provinciale TP"]
[Site "Erice ITA"]
[Date "2011.02.12"]
[Round "2"]
[White "Alcide, Fabio"]
[Black "Meo, Antonino"]
[Result "1/2-1/2"]
[WhiteElo "1589"]
[BlackElo "1581"]
[PlyCount "21"]
[EventDate "2011.01.09"]

1. e4 d6 2. d4 g6 3. f4 Bg7 4. Nf3 Bg4 5. Be3 Nd7 6. Bc4 e5 7. fxe5 dxe5 8.
Bxf7+ Kxf7 9. Ng5+ Qxg5 10. Bxg5 Bxd1 11. Kxd1 1/2-1/2

[Event "C.to Provinciale TP"]
[Site "Erice ITA"]
[Date "2011.02.12"]
[Round "2"]
[White "Piazza, Francesco"]
[Black "Monaco, Alessandro"]
[Result "1/2-1/2"]
[WhiteElo "1458"]
[BlackElo "1755"]
[PlyCount "104"]
[EventDate "2011.01.09"]

1. d4 Nf6 2. Nf3 c5 3. c3 e6 4. e3 cxd4 5. exd4 b6 6. Bd3 Ba6 7. Bxa6 Nxa6 8.
O-O Be7 9. Be3 O-O 10. Nbd2 Nc7 11. Ne5 Nfd5 12. Qe2 f6 13. Nd3 f5 14. f4 Qe8
15. Rf3 Nf6 16. Re1 Ncd5 17. Bf2 Ng4 18. c4 Nxf2 19. Nxf2 Nf6 20. d5 Bb4 21. a3
Bxd2 22. Qxd2 Qc8 23. dxe6 dxe6 24. Qc3 Qc6 25. Rfe3 Rfe8 26. b3 Rac8 27. Rc1
Qd6 28. Qe1 Rc6 29. g3 Qxa3 30. Ra1 Qe7 31. Nd3 Ng4 32. Ne5 Nxe3 33. Nxc6 Qc5
34. Qf2 Qxc6 35. Qxe3 a5 36. Rd1 Kf7 37. Rd3 Rc8 38. h3 Ke7 39. h4 Qc5 40.
Qxc5+ Rxc5 41. Kf2 e5 42. fxe5 Rxe5 43. Kf3 b5 44. cxb5 Rxb5 45. Kf4 g6 46. Kg5
Kf8 47. Kh6 Rb7 48. Rf3 Kg8 49. h5 gxh5 50. Kxh5 Rg7 51. Rxf5 Rxg3 52. Rxa5
Rxb3 1/2-1/2

[Event "C.to Provinciale TP"]
[Site "Erice ITA"]
[Date "2011.02.12"]
[Round "2"]
[White "Oddo, Salvatore"]
[Black "Mancuso, Fabrizio"]
[Result "0-1"]
[WhiteElo "1647"]
[BlackElo "1527"]
[PlyCount "76"]
[EventDate "2011.01.09"]

1. Nf3 Nf6 2. g3 d5 3. Bg2 Nc6 4. d3 Bg4 5. Nbd2 e5 6. e4 dxe4 7. dxe4 Nd4 8.
O-O Be7 9. c3 Nc6 10. Qc2 Qd7 11. Re1 O-O 12. Nc4 Bd6 13. Rd1 Rad8 14. Bg5 Qe6
15. Ne3 Bxf3 16. Bxf3 h6 17. Bxf6 Qxf6 18. Bg2 Rfe8 19. Nf5 Ne7 20. b4 a6 21.
a4 c6 22. Nxd6 Rxd6 23. Rxd6 Qxd6 24. Rd1 Qc7 25. Qd3 b5 26. a5 c5 27. Qd7 Qxd7
28. Rxd7 cxb4 29. cxb4 Nc6 30. Bf3 g6 31. Bd1 Rd8 32. Rd5 Rxd5 33. exd5 Nxb4
34. d6 Kf8 35. Bf3 Ke8 36. Kf1 Kd7 37. Ke2 Kxd6 38. Kd2 Nc6 0-1

[Event "C.to Provinciale TP"]
[Site "Erice ITA"]
[Date "2011.02.12"]
[Round "2"]
[White "Cerami, Giuseppe"]
[Black "Krumbiegel, Michael"]
[Result "0-1"]
[WhiteElo "1625"]
[BlackElo "1458"]
[PlyCount "78"]
[EventDate "2011.01.09"]

1. b4 e5 2. Bb2 f6 3. e3 Bxb4 4. Bc4 d5 5. Bb3 Be6 6. e4 Ne7 7. Nh3 h5 8. f4
Bxh3 9. gxh3 d4 10. f5 Nbc6 11. Rg1 Rh7 12. Be6 Qd6 13. Rxg7 Rxg7 14. Qxh5+ Ng6
15. fxg6 Qxe6 16. c3 Bc5 17. d3 O-O-O 18. c4 Rdg8 19. Qf5 Qd7 20. Nd2 Rxg6 21.
O-O-O Qxf5 22. exf5 Rg2 23. Ne4 Be7 24. a3 Rxh2 25. Kb1 Rhg2 26. Ka2 Rh2 27.
Kb3 Na5+ 28. Ka4 Nxc4 29. Bxd4 exd4 30. dxc4 c5 31. Rd3 Rh8 32. Rg3 R2xh3 33.
Rg7 R3h7 34. Rg6 Rf7 35. Kb5 d3 36. a4 Kc7 37. a5 a6+ 38. Ka4 Rd8 39. Kb3 d2
0-1

[Event "C.to Provinciale TP"]
[Site "Erice ITA"]
[Date "2011.02.12"]
[Round "2"]
[White "Guarino, Giuseppe"]
[Black "Arini, Mario"]
[Result "1-0"]
[WhiteElo "1497"]
[BlackElo "1594"]
[PlyCount "77"]
[EventDate "2011.01.09"]

1. d4 d5 2. c4 e6 3. Nf3 Nd7 4. c5 b6 5. b4 bxc5 6. bxc5 Bb7 7. e3 Ngf6 8. Bd3
Be7 9. Qc2 c6 10. O-O Qc7 11. Nc3 a6 12. Bd2 g6 13. h3 Nh5 14. e4 Bf6 15. e5
Bg7 16. g4 Nhf6 17. exf6 Nxf6 18. Ne5 h5 19. g5 Nd7 20. f4 Nxe5 21. fxe5 h4 22.
Bf4 Kd7 23. Na4 Raf8 24. Nb6+ Kd8 25. Qa4 Ke7 26. Rab1 Rb8 27. Qc2 Rbf8 28. Rf2
Qd8 29. Qb3 Qc7 30. Nxd5+ cxd5 31. Qxb7 Kd7 32. Rfb2 Rb8 33. c6+ Kd8 34. Qxb8+
Qxb8 35. Rxb8+ Kc7 36. Rxh8 Bxh8 37. Rc1 Bg7 38. Bxa6 Bf8 39. Bb7 1-0

[Event "C.to Provinciale TP"]
[Site "Erice ITA"]
[Date "2011.02.12"]
[Round "3"]
[White "Piazza, Dario"]
[Black "Campo, Renato"]
[Result "1/2-1/2"]
[WhiteElo "1716"]
[BlackElo "2003"]
[PlyCount "105"]
[EventDate "2011.01.09"]

1. d4 Nf6 2. Nf3 e6 3. e3 b6 4. Nbd2 Bb7 5. Bd3 c5 6. c3 Nc6 7. a3 Be7 8. O-O
O-O 9. e4 cxd4 10. cxd4 d6 11. Qe2 Re8 12. Re1 Rc8 13. Nb3 d5 14. e5 Ne4 15.
Bxe4 dxe4 16. Qxe4 Na5 17. Qd3 Nxb3 18. Qxb3 Bxf3 19. Qxf3 Qxd4 20. Re4 Qd5 21.
Bf4 Red8 22. h3 Rc2 23. b4 a5 24. bxa5 bxa5 25. a4 Bc5 26. Be3 Rc3 27. Qf4 Bxe3
28. fxe3 Rc2 29. Rf1 Rd7 30. Rf3 Qa2 31. Rd4 Rxg2+ 32. Kh1 g5 33. Rg3 Rxg3 34.
Qxg3 Qb1+ 35. Kg2 Qc2+ 36. Kg1 Rxd4 37. Qxg5+ Qg6 38. Qxg6+ fxg6 39. exd4 g5
40. Kg2 Kg7 41. Kf3 Kg6 42. Ke4 h5 43. d5 exd5+ 44. Kxd5 Kf7 45. e6+ Ke7 46.
Ke5 g4 47. hxg4 hxg4 48. Kf4 Kxe6 49. Kxg4 Ke5 50. Kf3 Kd4 51. Ke2 Kc3 52. Kd1
Kb2 53. Kd2 1/2-1/2

[Event "C.to Provinciale TP"]
[Site "Erice ITA"]
[Date "2011.02.12"]
[Round "3"]
[White "Savalla, Pietro"]
[Black "Messina, Damiano"]
[Result "1-0"]
[WhiteElo "1742"]
[BlackElo "1961"]
[PlyCount "89"]
[EventDate "2011.01.09"]

1. e4 c5 2. Nf3 Nc6 3. d4 cxd4 4. Nxd4 e5 5. Nb5 d6 6. N1c3 a6 7. Na3 b5 8. Nd5
Nge7 9. c4 Nxd5 10. exd5 Nd4 11. cxb5 Be7 12. Be3 O-O 13. Bxd4 exd4 14. Bd3 Bf6
15. O-O axb5 16. Nxb5 Bb7 17. Bc4 Qb6 18. Qd3 Rfc8 19. Rfc1 Qc5 20. Qd2 h6 21.
Bf1 Qxd5 22. Nc7 Qe4 23. Nxa8 Rxa8 24. Qd3 Qd5 25. a3 Ba6 26. Qf3 Qxf3 27. gxf3
d3 28. Rab1 d2 29. Rd1 Bg5 30. b4 Bb7 31. Bg2 Bf4 32. Ra1 Bc6 33. Ra2 Ba4 34.
Rdxd2 Bb3 35. Rdb2 Bxa2 36. Rxa2 Ra4 37. b5 d5 38. b6 Ra6 39. Rb2 Rxa3 40. b7
Bb8 41. Rc2 Ra1+ 42. Bf1 d4 43. Rc8+ Kh7 44. Rxb8 Rb1 45. Kg2 1-0

[Event "C.to Provinciale TP"]
[Site "Erice ITA"]
[Date "2011.02.12"]
[Round "3"]
[White "Krumbiegel, Michael"]
[Black "Silvestro, Roberto"]
[Result "0-1"]
[WhiteElo "1458"]
[BlackElo "1751"]
[PlyCount "82"]
[EventDate "2011.01.09"]

1. e4 c5 2. Bc4 g6 3. c3 Nc6 4. Nf3 Bg7 5. O-O d6 6. h3 Nf6 7. d3 O-O 8. Be3 a6
9. a4 Re8 10. Nbd2 Bd7 11. Nb3 Na7 12. Nbd2 b5 13. axb5 axb5 14. e5 bxc4 15.
exf6 Bxf6 16. Nxc4 Nc6 17. Rxa8 Qxa8 18. Nb6 Qb7 19. Nxd7 Qxd7 20. Qd2 e6 21.
Ra1 Qb7 22. Bg5 Bh8 23. Ra4 Rb8 24. Rh4 Qxb2 25. c4 Qxd2 26. Bxd2 Rb1+ 27. Kh2
Ne5 28. Nxe5 Bxe5+ 29. Bf4 g5 30. Bxe5 gxh4 31. Bxd6 Rd1 32. Bxc5 Rxd3 33. Be7
Rd7 34. Bxh4 Rc7 35. Bf6 Rxc4 36. Kg3 h6 37. f4 Kh7 38. h4 Kg6 39. Bh8 f6 40.
h5+ Kf7 41. Kf3 Rc8 0-1

[Event "C.to Provinciale TP"]
[Site "Erice ITA"]
[Date "2011.02.12"]
[Round "3"]
[White "Mancuso, Fabrizio"]
[Black "Alcide, Fabio"]
[Result "0-1"]
[WhiteElo "1527"]
[BlackElo "1589"]
[PlyCount "56"]
[EventDate "2011.01.09"]

1. e4 a6 2. Nf3 Nf6 3. Nc3 e6 4. d4 b5 5. Bg5 h6 6. Bh4 Be7 7. Bd3 Bb7 8. O-O
b4 9. e5 bxc3 10. exf6 Bxf6 11. bxc3 Bxh4 12. Rb1 Bc6 13. Ne5 Bf6 14. Nxc6 Nxc6
15. Re1 O-O 16. Qf3 Ne7 17. Re4 Ng6 18. Rg4 Rb8 19. Ra1 Qe8 20. Qe4 Be7 21. Qf3
f5 22. Rg3 Bd6 23. Rh3 Nf4 24. Rh4 Nxd3 25. Qxd3 Qg6 26. c4 c6 27. d5 Qf6 28.
Rh5 Qxa1+ 0-1

[Event "C.to Provinciale TP"]
[Site "Erice ITA"]
[Date "2011.02.12"]
[Round "3"]
[White "Meo, Antonino"]
[Black "Guarino, Giuseppe"]
[Result "1/2-1/2"]
[WhiteElo "1581"]
[BlackElo "1497"]
[PlyCount "33"]
[EventDate "2011.01.09"]

1. f4 Nf6 2. Nf3 d5 3. b3 Bf5 4. Bb2 Nbd7 5. e3 e6 6. Be2 Bd6 7. O-O Qe7 8. Kh1
h6 9. d3 O-O-O 10. c4 Rhg8 11. Ne5 Bh7 12. Nd2 g5 13. Nxd7 Nxd7 14. fxg5 Qxg5
15. g3 f5 16. Nf3 Qxe3 17. Bc1 1/2-1/2

[Event "C.to Provinciale TP"]
[Site "Erice ITA"]
[Date "2011.02.12"]
[Round "3"]
[White "Piazza, Francesco"]
[Black "Savalla, Gianluca"]
[Result "1/2-1/2"]
[WhiteElo "1458"]
[BlackElo "1542"]
[PlyCount "27"]
[EventDate "2011.01.09"]

1. d4 Nf6 2. Nf3 d5 3. e3 e6 4. Bd3 Nc6 5. Nbd2 Bd6 6. c3 Bd7 7. Qe2 O-O 8. e4
dxe4 9. Nxe4 h6 10. Nxd6 cxd6 11. O-O Re8 12. Re1 Qe7 13. Bf4 Rac8 14. h3
1/2-1/2

[Event "C.to Provinciale TP"]
[Site "Erice ITA"]
[Date "2011.02.12"]
[Round "3"]
[White "Pandolfo, Sergio"]
[Black "Monaco, Alessandro"]
[Result "1/2-1/2"]
[WhiteElo "1664"]
[BlackElo "1755"]
[PlyCount "45"]
[EventDate "2011.01.09"]

1. Nf3 c5 2. e3 Nc6 3. d4 e6 4. Bd3 Nf6 5. c3 b6 6. Nbd2 Bb7 7. O-O Be7 8. e4
cxd4 9. cxd4 Nb4 10. Bb1 Ba6 11. Re1 Rc8 12. a3 Nd3 13. Bxd3 Bxd3 14. d5 Bc5
15. b4 Bc2 16. Qe2 Bf8 17. d6 e5 18. Nxe5 Bxd6 19. Ndc4 Bxe5 20. Nxe5 O-O 21.
f3 Qc7 22. Bb2 d6 23. Nd3 1/2-1/2

[Event "C.to Provinciale TP"]
[Site "Erice ITA"]
[Date "2011.02.12"]
[Round "3"]
[White "Cerami, Giuseppe"]
[Black "Oddo, Salvatore"]
[Result "1-0"]
[WhiteElo "1625"]
[BlackElo "1647"]
[PlyCount "67"]
[EventDate "2011.01.09"]

1. b4 d6 2. Bb2 Nd7 3. c4 e5 4. e3 Be7 5. Nf3 Ngf6 6. Be2 O-O 7. O-O b6 8. Nc3
Bb7 9. d4 Re8 10. d5 c6 11. e4 cxd5 12. cxd5 a6 13. Nd2 b5 14. a4 bxa4 15. Qxa4
Nb6 16. Qa5 Nfd7 17. Nf3 Qb8 18. Rfc1 Bd8 19. Qa2 Be7 20. Nd1 Rc8 21. Ne3 g6
22. Rxc8+ Qxc8 23. Rc1 Qd8 24. Rc3 Nf6 25. Nd2 Qd7 26. Ra3 Qc8 27. Rc3 Qd7 28.
Qa5 Bd8 29. Qa2 Na4 30. Ra3 Nxb2 31. Qxb2 Bb6 32. Nec4 Qc7 33. Qa2 a5 34. bxa5
1-0

[Event "C.to Provinciale TP"]
[Site "Erice ITA"]
[Date "2011.02.12"]
[Round "4"]
[White "Castelli, Giovanni J."]
[Black "Savalla, Pietro"]
[Result "1/2-1/2"]
[WhiteElo "1821"]
[BlackElo "1742"]
[PlyCount "33"]
[EventDate "2011.01.09"]

1. e4 e5 2. f4 d5 3. exd5 exf4 4. Nf3 Qxd5 5. Nc3 Qd8 6. d4 Bd6 7. Bc4 Nf6 8.
O-O O-O 9. Ne5 Bxe5 10. dxe5 Qxd1 11. Rxd1 Ng4 12. Bxf4 Nc6 13. Nd5 Ngxe5 14.
Bb3 Bg4 15. Re1 Ng6 16. Bxc7 Rfe8 17. h3 1/2-1/2